000 00375nam a2200145Ia 4500
008 230312s9999||||xx |||||||||||||| ||und||
020 _a9789698455798
082 _a891.4
_bABD-Q
100 _aعبدالستار چودھری
245 0 _aقاھداعظم کو کس نے مارا؟
260 _bJamhori
_apak
_c2011
300 _a280
650 _aLiterature
942 _cBK
999 _c14885
_d14885